Reality Mining (Record no. 355496)

MARC details
000 -LEADER
fixed length control field 00348nam a2200145Ia 4500
008 - FIXED-LENGTH DATA ELEMENTS--GENERAL INFORMATION
fixed length control field 230807s9999 xx 000 0 und d
041 ## - LANGUAGE CODE
Language code of text/sound track or separate title eng
082 ## - DEWEY DECIMAL CLASSIFICATION NUMBER
Classification number 004.35
Item number EAG
100 ## - MAIN ENTRY--PERSONAL NAME
Personal name Eagle N.
9 (RLIN) 204276
245 ## - TITLE STATEMENT
Title Reality Mining
260 ## - PUBLICATION, DISTRIBUTION, ETC. (IMPRINT)
Date of publication, distribution, etc. 2014
Name of publisher, distributor, etc. The MIT Press
300 ## - PHYSICAL DESCRIPTION
Extent 199
365 ## - TRADE PRICE
Currency code Rs.
Price amount 316
700 ## - ADDED ENTRY--PERSONAL NAME
Personal name Eagle N. & Greene K.
9 (RLIN) 204277
Holdings
Withdrawn status Lost status Damaged status Not for loan Home library Current library Shelving location Date acquired Vendor Cost, normal purchase price Full call number Barcode Date last seen Cost, replacement price Bill Date Koha item type Original Barcode
        Cummins College of Engineering for Women Pune Cummins College of Engineering for Women Pune Donated Book 13/07/2023 Masurkar Enterprises 316.00 004.35 CCEP-DB-1073 07/08/2023 158.00 07/08/2023 Books D01073